| 000 -LEADER |
| fixed length control field |
00694nam a22002417a 4500 |
| 001 - CONTROL NUMBER |
| control field |
14241 |
| 003 - CONTROL NUMBER IDENTIFIER |
| control field |
BD-DhUAP |
| 005 - DATE AND TIME OF LATEST TRANSACTION |
| control field |
20200204104417.0 |
| 008 - FIXED-LENGTH DATA ELEMENTS--GENERAL INFORMATION |
| fixed length control field |
200204s2009 ii ||||| |||| 00| 0 eng d |
| 020 ## - INTERNATIONAL STANDARD BOOK NUMBER |
| International Standard Book Number |
9789380231150 |
| 040 ## - CATALOGING SOURCE |
| Original cataloging agency |
BD-DhUAP |
| Language of cataloging |
Eng |
| Transcribing agency |
BD-DhUAP |
| Modifying agency |
BD-DhUAP |
| 082 ## - DEWEY DECIMAL CLASSIFICATION NUMBER |
| Edition number |
23 |
| Classification number |
349.54 DIW |
| 100 ## - MAIN ENTRY--PERSONAL NAME |
| Personal name |
Diwan, Paras. |
| 245 ## - TITLE STATEMENT |
| Title |
Modern Hindu law : |
| Remainder of title |
codified and uncodified / |
| Statement of responsibility, etc. |
Paras Diwan and Peeyushi Diwan. |
| 250 ## - EDITION STATEMENT |
| Edition statement |
20th ed. |
| 260 ## - PUBLICATION, DISTRIBUTION, ETC. |
| Place of publication, distribution, etc. |
Faridabad : |
| Name of publisher, distributor, etc. |
Allahabad Law Agency, |
| Date of publication, distribution, etc. |
c2009. |
| 300 ## - PHYSICAL DESCRIPTION |
| Extent |
xlviii, 610 pages ; |
| Dimensions |
24 cm. |
| 650 ## - SUBJECT ADDED ENTRY--TOPICAL TERM |
| Topical term or geographic name entry element |
Law |
| Geographic subdivision |
India. |
| 650 ## - SUBJECT ADDED ENTRY--TOPICAL TERM |
| Topical term or geographic name entry element |
Hindu law |
| Geographic subdivision |
India. |
| 650 ## - SUBJECT ADDED ENTRY--TOPICAL TERM |
| Topical term or geographic name entry element |
Modern Hindu law. |
| 700 ## - ADDED ENTRY--PERSONAL NAME |
| Personal name |
Diwan, Peeyushi. |
| 942 ## - ADDED ENTRY ELEMENTS (KOHA) |
| Source of classification or shelving scheme |
|
| Koha item type |
Book |